LEADER 01219nam a2200277 i 4500 001 000000044809 003 CaOOAMICUS 005 20030324000000.0 008 030324s1997 fr u000 u fre u 013 $a15979 020 $a2-204-05533-2 040 $aSeMil$bita 100 1 $aRigal, Jean,$d<1929- >.$0(OLS)http://semarc/name/22321 245 12$aL'ecclésiologie de communion :$bson évolution historique et ses fondements /$cJean Rigal. 260 $aParis :$bLes Éditions du Cerf,$ccopyr. 1997 (stampa 2000) 300 $a392 p. ;$c22 cm. 490 0 $aCogitatio Fidei [Cerf]i ;$v202 500 $aContiene : Bibliographie succinte. 650 4$aEcclesiologia - Comunione.$0(OLS)http://semarc/subject/5747 830 0$aCogitatio Fidei ;$v202.$0(OLS)http://semarc/title/206 850 $aSeMil 852 $aSeMil$W1$xVenegono$y1$m2BA N 202$j10964$B10964$CSeMilBibl$Z2$F10964 $81 961 $aOmaggio: Bressan don Luca 996 $6020$a2-204-05533-2$9(OLS)http://semarc/number/16788 996 $6245$aL'ecclésiologie de communion :$bson évolution historique et ses fondements$9(OLS)http://semarc/title/66435 996 $6260$aParis :$bLes Éditions du Cerf$9(OLS)http://semarc/publisher/29611 LEADER 01261nam a2200241 i 4500 001 000000031285 003 CaOOAMICUS 005 20240409144640.0 008 180830s1855 it u000 u ita u 040 $aSeMil$bita 100 1 $aDandolo, Tullio,$d<1801-1870>.$0(OLS)http://semarc/name/14312 245 10$aStoria del pensiero nei tempi moderni /$c[Tullio Dandolo]. 264 1$aMilano :$bPirotta e C.,$c1855. 300 $av. ;$c23 cm. 500 $aOpera edita da diversi Editori. 774 0 $aDandolo, Tullio <1801-1870>$tFrancia nel secolo passato.$dMilano : Gaetano Brigola, 1862.$w()31324 774 0 $aDandolo, Tullio <1801-1870>$tSecolo di Leone decimo.$dMilano : Francesco Sanvito, 1861.$w()31325 774 0 $aDandolo, Tullio <1801-1870>$tSecolo decimosettimo.$dMilano : Per Gaetano Schiepatti, 1864.$w()32103 774 0 $aDandolo, Tullio <1801-1870>$tPensiero pagano ai giorni dell'Impero.$dMilano : Pirotta e C., 1855.$g1$w()238121 774 0 $aDandolo, Tullio <1801-1870>$tPensiero cristiano ai giorni dell'Impero.$dMilano : Pirotta e C., 1855.$g3$w()238122 996 $6245$aStoria del pensiero nei tempi moderni$9(OLS)http://semarc/title/42560 996 $6264$aMilano :$bPirotta e C.$9(OLS)http://semarc/publisher/31219